Państwa Leżące Na Równiku - Statystyki

Ogólne statystyki
  • Ten quiz został rozwiązany 380 razy
    258 od ostatniego zresetowania
  • Średni wynik to 8 z 10
Statystyki odpowiedzi
Kontynent Państwo % Poprawnych
Ameryka Południowa Brazylia
100%
Afryka Demokratyczna Republika Konga
93%
Ameryka Południowa Kolumbia
90%
Ameryka Południowa Ekwador
89%
Afryka Kongo
86%
Azja Indonezja
85%
Afryka Kenia
81%
Afryka Uganda
67%
Afryka Somalia
63%
Afryka Gabon
58%
Nie znaleziono quizów pasujących do podanych kryteriów
Rozkład punktacji
Procent ludzi z każdym wynikiem
Percentyl według liczby udzielonych odpowiedzi
Twoja historia wyników
Nie rozwiązałeś tego quizu od ostatniego zresetowania